00000000nam 2200000za 4500
0019.675282
003CaOODSP
00520250307092324
007cr |||||||||||
008150407|2008||||xxc|||||o    f|0| 0 spa d
040 |aCaOODSP|bfre
043 |an-cn---
0861 |aFR5-54/2008Spa-PDF|zFR5-54/2008Sp-PDF
1101 |aCanada. |bAffaires étrangères et commerce international Canada.
24510|a[Rapports nationaux sur la mise en oevre des engagements du quatrième Sommet des Amériques (Canada, janvier 2007-décembre 2007)]|h[ressource électronique].
250 |a[Édition espagnol].
260 |aOttawa - Ontario : |bAffaires étrangères et Commerce international |c26 février 2008.
300 |a14p.
500 |aPublié aussi en français sous le titre : Rapports nationaux sur la mise en oevre des engagements du quatrième Sommet des Amériques (Canada, janvier 2007-décembre 2007).
546 |aTexte en espagnol.
590 |a11-07-Supp|b2011-05-17
69107|aPolitique étrangère|2gcpds
77508|tRapports nationaux sur la mise en oevre des engagements du quatrième Sommet des Amériques (Canada, janvier 2007-décembre 2007) |w(CaOODSP)9.638772
791 |t[National reports on implementation of commitments from the fourth Summit of the Americas (Canada, January 2007-December 2007)] |eeng|w(CaOODSP)9.675281
85640|ahttp://publications.gc.ca|qPDF|s104 Ko|uhttps://publications.gc.ca/collections/collection_2011/aecic-faitc/FR5-54-2008-spa.pdf